[Event "17. Obert Int. Sant Marti 2015"]
[Site "Barcelona ESP"]
[Date "2015.07.16"]
[Round "4.62"]
[White "Marchador Villalba, Jordi"]
[Black "Barragan Hernandez, Manel"]
[Result "1/2-1/2"]
[WhiteElo "2026"]
[BlackElo "1767"]
[PlyCount "66"]
[EventDate "2015.07.13"]
[EventType "swiss"]
[EventRounds "9"]
[EventCountry "ESP"]
[SourceTitle "Ajedrez en Madrid"]
[Source "lmi"]
[SourceDate "2013.07.13"]
[SourceVersion "1"]
[SourceVersionDate "2019.06.24"]
[SourceQuality "1"]

1. d4 Nf6 2. Nf3 e6 3. g3 d5 4. Bg2 Be7 5. c4 O-O 6. cxd5 exd5 7. O-O Nbd7 8.
Nc3 c6 9. Qc2 Re8 10. a3 Nb6 11. b3 g6 12. Ne5 Bf5 13. Qb2 Nc8 14. Bg5 Nd6 15.
Rad1 Nfe4 16. Bxe7 Qxe7 17. Nxe4 Nxe4 18. f3 Nd6 19. e4 Be6 20. Rde1 f6 21. Nd3
Qf7 22. Nc5 Bc8 23. exd5 cxd5 24. Qd2 b6 25. Rxe8+ Qxe8 26. Re1 Qf7 27. Nd3 Ba6
28. Nb4 Bb7 29. f4 a5 30. Nc2 Re8 31. Rxe8+ Qxe8 32. Ne3 Ne4 33. Qc1 Qc6
1/2-1/2

[Event "17. Obert Int. Sant Marti 2015"]
[Site "Barcelona ESP"]
[Date "2015.07.16"]
[Round "4.64"]
[White "Ruiz Molina, Gabriel"]
[Black "Meylan, Andre"]
[Result "0-1"]
[WhiteElo "1916"]
[BlackElo "2196"]
[PlyCount "74"]
[EventDate "2015.07.13"]
[EventType "swiss"]
[EventRounds "9"]
[EventCountry "ESP"]
[SourceTitle "Ajedrez en Madrid"]
[Source "lmi"]
[SourceDate "2013.07.13"]
[SourceVersion "1"]
[SourceVersionDate "2019.06.24"]
[SourceQuality "1"]

1. d4 c5 2. d5 e5 3. c4 d6 4. e4 Be7 5. Be2 Bg5 6. Nc3 Bxc1 7. Rxc1 Ne7 8. Nf3
O-O 9. O-O f5 10. exf5 Nxf5 11. Bd3 h6 12. Qc2 a6 13. Rce1 b6 14. Ne4 Ra7 15.
Ng3 Raf7 16. Be4 b5 17. b3 g5 18. Qd3 Qa5 19. Nh5 Ng7 20. Ng3 Nf5 21. Nh5 b4
22. h3 Qd8 23. Nh2 Nd4 24. Ng4 Bxg4 25. hxg4 Nd7 26. Qh3 Nf6 27. Bg6 Ra7 28.
Ng3 Kg7 29. Bd3 Raf7 30. f4 gxf4 31. g5 hxg5 32. Nh5+ Nxh5 33. Qxh5 Rh8 34.
Qg6+ Kf8 35. g3 Qf6 36. Qe4 Qh6 37. Rf2 f3 0-1

[Event "17. Obert Int. Sant Marti 2015"]
[Site "Barcelona ESP"]
[Date "2015.07.16"]
[Round "4.65"]
[White "Serefidou, Despina"]
[Black "Nunez Lucero, Francisco"]
[Result "1-0"]
[WhiteElo "1923"]
[BlackElo "2174"]
[PlyCount "79"]
[EventDate "2015.07.13"]
[EventType "swiss"]
[EventRounds "9"]
[EventCountry "ESP"]
[SourceTitle "Ajedrez en Madrid"]
[Source "lmi"]
[SourceDate "2013.07.13"]
[SourceVersion "1"]
[SourceVersionDate "2019.06.24"]
[SourceQuality "1"]

1. e4 e6 2. d4 d5 3. Nc3 Bb4 4. a3 Bxc3+ 5. bxc3 dxe4 6. Qg4 Nf6 7. Qxg7 Rg8 8.
Qh6 Nbd7 9. Ne2 c5 10. g3 b6 11. Bg2 Ba6 12. Qd2 Qc7 13. O-O O-O-O 14. Re1 Bb7
15. Qf4 Qc6 16. Bb2 Rg4 17. Qc1 h5 18. a4 h4 19. a5 hxg3 20. hxg3 b5 21. c4 Rh8
22. cxb5 Qxb5 23. dxc5 Qxc5 24. Bd4 Qh5 25. Qb2 Rg6 26. a6 Bd5 27. c4 Rgh6 28.
Kf1 Bc6 29. Nf4 Qg4 30. Ne2 Qh5 31. Reb1 Ng4 32. Bxh8 Rxh8 33. Ra3 Nh2+ 34. Ke1
Rd8 35. Nd4 Ba8 36. Qb5 Qh6 37. Nc6 Nf3+ 38. Bxf3 exf3 39. Nxd8 Kxd8 40. Rd3
1-0

[Event "17. Obert Int. Sant Marti 2015"]
[Site "Barcelona ESP"]
[Date "2015.07.16"]
[Round "4.66"]
[White "Mateus, Martha"]
[Black "Anker, Christin"]
[Result "1-0"]
[WhiteElo "2172"]
[BlackElo "1849"]
[PlyCount "71"]
[EventDate "2015.07.13"]
[EventType "swiss"]
[EventRounds "9"]
[EventCountry "ESP"]
[SourceTitle "Ajedrez en Madrid"]
[Source "lmi"]
[SourceDate "2013.07.13"]
[SourceVersion "1"]
[SourceVersionDate "2019.06.24"]
[SourceQuality "1"]

1. e4 e5 2. Nc3 Nf6 3. f4 d5 4. fxe5 Nxe4 5. Nf3 Bg4 6. Qe2 Nxc3 7. dxc3 c6 8.
Bf4 Be7 9. O-O-O Qa5 10. Kb1 Nd7 11. h3 Be6 12. Nd4 Nc5 13. g3 Qb6 14. Ka1 a5
15. Bg2 a4 16. a3 O-O 17. h4 Qa6 18. Qf3 b5 19. Bh3 Bxh3 20. Rxh3 Ne4 21. Nf5
Qb7 22. Bh6 g6 23. Nxe7+ Qxe7 24. Bxf8 Rxf8 25. Qf4 Re8 26. Rf1 Qxe5 27. Qxf7+
Kh8 28. g4 c5 29. Rhf3 Nd2 30. Qxe8+ Qxe8 31. Rf8+ Qxf8 32. Rxf8+ Kg7 33. Rd8
d4 34. cxd4 cxd4 35. Rxd4 Nf3 36. Rd7+ 1-0

[Event "17. Obert Int. Sant Marti 2015"]
[Site "Barcelona ESP"]
[Date "2015.07.16"]
[Round "4.67"]
[White "Niklesh, Kumar Jain"]
[Black "Scheffknecht, Philipp"]
[Result "1-0"]
[WhiteElo "1904"]
[BlackElo "2121"]
[PlyCount "189"]
[EventDate "2015.07.13"]
[EventType "swiss"]
[EventRounds "9"]
[EventCountry "ESP"]
[SourceTitle "Ajedrez en Madrid"]
[Source "lmi"]
[SourceDate "2013.07.13"]
[SourceVersion "1"]
[SourceVersionDate "2019.06.24"]
[SourceQuality "1"]

1. e4 c5 2. Nf3 e6 3. g3 b6 4. Bg2 Bb7 5. Qe2 Nc6 6. O-O d6 7. Rd1 Nf6 8. d4
Nxd4 9. Nxd4 cxd4 10. Rxd4 e5 11. Rd1 Qc7 12. Nc3 a6 13. Bg5 Be7 14. Rd2 O-O
15. h4 h6 16. Bxf6 Bxf6 17. Rad1 Rfd8 18. a4 Bc6 19. Kh2 Be7 20. Bf1 Qb7 21.
Qf3 b5 22. axb5 axb5 23. Nd5 Bf8 24. Qb3 Rdb8 25. f3 b4 26. Bc4 Ra5 27. Qe3
Rba8 28. Qg1 Rc5 29. Bb3 Ra6 30. Ne3 Bd7 31. Nd5 Be6 32. Qf1 Bxd5 33. Rxd5 Raa5
34. Qg1 Qa7 35. Qe1 Rxd5 36. Bxd5 Qc5 37. Bb3 Be7 38. Qe2 Qc7 39. Qd2 Qc5 40.
Kg2 Qb6 41. Qe2 Qc6 42. Qf1 Kf8 43. Qe1 Qb6 44. Qf2 Qc7 45. Qe3 Qc6 46. Qd2 Qb6
47. Qd3 Qc5 48. Qc4 Qxc4 49. Bxc4 Ke8 50. Kf2 g6 51. Ke2 f5 52. Kd3 Kd7 53. Bf7
f4 54. gxf4 exf4 55. Bxg6 Bxh4 56. Kc4 Rc5+ 57. Kb3 Bf6 58. Rh1 Bg5 59. Ra1 Ke6
60. Ra4 Ke5 61. Rxb4 Bh4 62. c3 Bf2 63. Rb8 Rc6 64. Bf5 h5 65. Re8+ Kf6 66.
Re6+ Kf7 67. e5 Rb6+ 68. Kc2 dxe5 69. Rxe5 Kf6 70. Rd5 h4 71. Bg4 Ke7 72. Rh5
Kd8 73. b4 Rc6 74. Kb3 Rd6 75. c4 Be1 76. Bf5 Rd2 77. b5 Rf2 78. Be4 Rh2 79. c5
Bf2 80. Kc4 Rh1 81. Rh8+ Ke7 82. Rh7+ Kd8 83. b6 Rc1+ 84. Kd3 Bxc5 85. b7 Ba7
86. Rh8+ Ke7 87. b8=Q Bxb8 88. Rxb8 h3 89. Rh8 Rh1 90. Kd4 Kf6 91. Rh6+ Kg7 92.
Rg6+ Kf7 93. Ke5 h2 94. Rh6 Kg7 95. Rh4 1-0

[Event "17. Obert Int. Sant Marti 2015"]
[Site "Barcelona ESP"]
[Date "2015.07.16"]
[Round "4.68"]
[White "Molano Lafuente, Ismael"]
[Black "Boixader Arbo, Xavier"]
[Result "1/2-1/2"]
[WhiteElo "2112"]
[BlackElo "1755"]
[PlyCount "33"]
[EventDate "2015.07.13"]
[EventType "swiss"]
[EventRounds "9"]
[EventCountry "ESP"]
[SourceTitle "Ajedrez en Madrid"]
[Source "lmi"]
[SourceDate "2013.07.13"]
[SourceVersion "1"]
[SourceVersionDate "2019.06.24"]
[SourceQuality "1"]

1. c4 e5 2. b3 Nf6 3. Bb2 d6 4. g3 Be7 5. Bg2 O-O 6. Nc3 c6 7. e4 Nbd7 8. Nge2
Re8 9. O-O Nc5 10. d3 a5 11. h3 h6 12. Bc1 Nh7 13. g4 Bg5 14. Ng3 Ne6 15. Nce2
Nf4 16. Be3 Nf8 17. Qd2 1/2-1/2

[Event "17. Obert Int. Sant Marti 2015"]
[Site "Barcelona ESP"]
[Date "2015.07.16"]
[Round "4.69"]
[White "Torrents Senal, Marc"]
[Black "Franch Guiral, Ramon"]
[Result "0-1"]
[WhiteElo "1824"]
[BlackElo "1964"]
[PlyCount "118"]
[EventDate "2015.07.13"]
[EventType "swiss"]
[EventRounds "9"]
[EventCountry "ESP"]
[SourceTitle "Ajedrez en Madrid"]
[Source "lmi"]
[SourceDate "2013.07.13"]
[SourceVersion "1"]
[SourceVersionDate "2019.06.24"]
[SourceQuality "1"]

1. d4 d5 2. c4 e6 3. cxd5 exd5 4. Nc3 c6 5. Nf3 f5 6. Qc2 Nf6 7. Bg5 h6 8. Bxf6
Qxf6 9. Nxd5 Qf7 10. Nc3 Bb4 11. e3 Be6 12. Ne5 Qf6 13. a3 Bd6 14. f4 Nd7 15.
b4 O-O 16. Be2 Bxe5 17. dxe5 Qf7 18. O-O Nb6 19. Bf3 Rad8 20. Ne2 Nc4 21. Qc3
Nd2 22. Rf2 Nxf3+ 23. Rxf3 Rd7 24. Rf2 Rfd8 25. Nd4 g6 26. Rc2 Kg7 27. a4 Rd5
28. Qb2 Qd7 29. g3 Qe7 30. Rac1 Bg8 31. Rc5 Kh7 32. Rxd5 Bxd5 33. Qc3 Rc8 34.
Qc5 Qxc5 35. Rxc5 Kg7 36. b5 b6 37. Rxc6 Bxc6 38. bxc6 Kf7 39. Kf2 a6 40. e4 b5
41. axb5 axb5 42. exf5 gxf5 43. Ke3 b4 44. Kd3 Ke8 45. Kc4 Rb8 46. Kb3 Kd8 47.
Nxf5 Kc7 48. Nxh6 Kxc6 49. Nf7 Kc5 50. e6 Ra8 51. f5 Ra3+ 52. Kb2 Re3 53. g4 b3
54. f6 Kb4 55. e7 Re2+ 56. Kc1 Kc3 57. Kd1 Rd2+ 58. Ke1 b2 59. e8=Q b1=Q# 0-1

[Event "17. Obert Int. Sant Marti 2015"]
[Site "Barcelona ESP"]
[Date "2015.07.16"]
[Round "4.70"]
[White "Riu Lopez, Daniel"]
[Black "Rojas Fernandez, Andres"]
[Result "0-1"]
[WhiteElo "1839"]
[BlackElo "1946"]
[PlyCount "120"]
[EventDate "2015.07.13"]
[EventType "swiss"]
[EventRounds "9"]
[EventCountry "ESP"]
[SourceTitle "Ajedrez en Madrid"]
[Source "lmi"]
[SourceDate "2013.07.13"]
[SourceVersion "1"]
[SourceVersionDate "2019.06.24"]
[SourceQuality "1"]

1. e4 e6 2. b3 d5 3. Bb2 Nf6 4. e5 Nfd7 5. f4 c5 6. Qg4 Nc6 7. Nf3 g6 8. Be2 a6
9. O-O b5 10. Kh1 Nb6 11. Nc3 Bb7 12. a4 b4 13. Nd1 d4 14. Ng5 Be7 15. Ne4 Na5
16. d3 Nd5 17. Bc1 Nc6 18. Nb2 Na5 19. Bf3 Rb8 20. Qg3 Nc3 21. Qe1 Bd5 22. Nc4
Nxc4 23. dxc4 Bxe4 24. Bxe4 Nxe4 25. Qxe4 Qd7 26. Bd2 Qb7 27. Qe2 Rd8 28. Rf3
h5 29. Be1 a5 30. Rh3 Kd7 31. Bh4 Bxh4 32. Rxh4 Kc8 33. Rh3 Rdg8 34. Rg3 h4 35.
Rg4 h3 36. Re1 Rh5 37. Qe4 hxg2+ 38. Rxg2 Rgh8 39. Qxb7+ Kxb7 40. Ree2 Rh3 41.
Rd2 Rf3 42. Rg4 Rhh3 43. Kg2 Rc3 44. Rg3 Rhxg3+ 45. hxg3 Kc7 46. Kh3 d3 47.
Rxd3 Rxc2 48. Rd1 Rc3 49. Rb1 Kd7 50. Kg4 Ke7 51. Rb2 Rd3 52. Rb1 f6 53. exf6+
Kxf6 54. Rb2 e5 55. fxe5+ Kxe5 56. Rb1 Kd4 57. Kf4 Kc3 58. g4 Kc2 59. Rg1 Kxb3
60. Kg5 Rd6 0-1

[Event "17. Obert Int. Sant Marti 2015"]
[Site "Barcelona ESP"]
[Date "2015.07.16"]
[Round "4.71"]
[White "Bernat, Ernest"]
[Black "Brilej, Jaka"]
[Result "0-1"]
[WhiteElo "1943"]
[BlackElo "1639"]
[PlyCount "114"]
[EventDate "2015.07.13"]
[EventType "swiss"]
[EventRounds "9"]
[EventCountry "ESP"]
[SourceTitle "Ajedrez en Madrid"]
[Source "lmi"]
[SourceDate "2013.07.13"]
[SourceVersion "1"]
[SourceVersionDate "2019.06.24"]
[SourceQuality "1"]

1. e4 c5 2. Nf3 Nc6 3. Nc3 Nf6 4. g3 g6 5. Bg2 Bg7 6. O-O O-O 7. Re1 d6 8. h3
Rb8 9. d3 b5 10. Ne2 b4 11. Bd2 Nd7 12. Qc1 a5 13. Bh6 e5 14. Bxg7 Kxg7 15. Nh2
Nf6 16. Rf1 Nd4 17. Qd2 Bb7 18. f4 Nh5 19. Nxd4 cxd4 20. fxe5 dxe5 21. Ng4 f6
22. Kh2 Qe7 23. Rf2 Rbc8 24. Raf1 Rc6 25. Bf3 Kh8 26. Kg2 Bc8 27. Nh2 Ng7 28.
Rc1 Be6 29. c4 bxc3 30. bxc3 Qa3 31. c4 Rb8 32. Rc2 Rc7 33. Qe2 Rc5 34. Nf1 f5
35. Nd2 a4 36. Nf1 Ne8 37. Nd2 Nd6 38. g4 f4 39. Rf1 Rc7 40. Nb1 Qc5 41. Rfc1
Rcb7 42. Nd2 Bd7 43. Nf1 a3 44. Nd2 Ba4 45. Nb3 Bxb3 46. axb3 Rxb3 47. Qe1 Rb2
48. Qh4 Nf7 49. Qf6+ Kg8 50. Qa6 a2 51. Bd1 R8b3 52. Rxb2 Rxb2+ 53. Rc2 Qb4 54.
Kf3 Ng5+ 55. Ke2 Rxc2+ 56. Bxc2 Qb2 57. Qc8+ Kg7 0-1

[Event "17. Obert Int. Sant Marti 2015"]
[Site "Barcelona ESP"]
[Date "2015.07.16"]
[Round "4.72"]
[White "Perez Garcia, Adria"]
[Black "Costa Trave, Jaume"]
[Result "0-1"]
[WhiteElo "1644"]
[BlackElo "2022"]
[PlyCount "78"]
[EventDate "2015.07.13"]
[EventType "swiss"]
[EventRounds "9"]
[EventCountry "ESP"]
[SourceTitle "Ajedrez en Madrid"]
[Source "lmi"]
[SourceDate "2013.07.13"]
[SourceVersion "1"]
[SourceVersionDate "2019.06.24"]
[SourceQuality "1"]

1. e4 c5 2. c3 a6 3. d4 cxd4 4. cxd4 d5 5. e5 e6 6. Nf3 Nc6 7. Bd3 Nge7 8. Nc3
Nf5 9. Bxf5 exf5 10. O-O h6 11. Qb3 Be6 12. Bd2 b5 13. Ne2 g5 14. Rfc1 Qb6 15.
Qd3 Be7 16. a3 g4 17. Ne1 Bg5 18. b4 a5 19. Bxg5 hxg5 20. Rc5 axb4 21. Rxb5 Qa6
22. a4 Kd7 23. Rc5 Rhb8 24. Rac1 Rb6 25. Ra1 b3 26. Nc3 Qxd3 27. Nxd3 Nxd4 28.
Nxd5 Rc6 29. Rxc6 Kxc6 30. N5b4+ Kb6 31. Nb2 Nc2 32. Nxc2 bxc2 33. Rc1 Bb3 34.
Kf1 Re8 35. Ke2 Rxe5+ 36. Kd3 Rd5+ 37. Ke2 Ka5 38. g3 f4 39. Ke1 Kb4 0-1

[Event "17. Obert Int. Sant Marti 2015"]
[Site "Barcelona ESP"]
[Date "2015.07.16"]
[Round "4.73"]
[White "Busquets, Luis"]
[Black "Jul Perez, Alberto"]
[Result "1-0"]
[WhiteElo "2189"]
[BlackElo "1870"]
[PlyCount "137"]
[EventDate "2015.07.13"]
[EventType "swiss"]
[EventRounds "9"]
[EventCountry "ESP"]
[SourceTitle "Ajedrez en Madrid"]
[Source "lmi"]
[SourceDate "2013.07.13"]
[SourceVersion "1"]
[SourceVersionDate "2019.06.24"]
[SourceQuality "1"]

1. e4 e6 2. d4 d5 3. Nc3 Bb4 4. e5 c5 5. a3 Bxc3+ 6. bxc3 Qc7 7. Qg4 Ne7 8.
Qxg7 Rg8 9. Qxh7 cxd4 10. Kd1 Nbc6 11. Nf3 Bd7 12. cxd4 O-O-O 13. Qd3 Nf5 14.
Bg5 Rde8 15. h4 Na5 16. g4 Nc4 17. Rb1 Ne7 18. h5 Ba4 19. Qc3 Ne3+ 20. Kd2
Qxc3+ 21. Kxc3 Nxg4 22. Bd3 Nxf2 23. Bf6 Nxh1 24. Rxh1 Rg3 25. Ng5 Ng8 26. Nxf7
Nxf6 27. exf6 Rf8 28. Ne5 Rxf6 29. h6 Rg8 30. h7 Rh8 31. Rg1 Be8 32. Rg8 Rf8
33. Rxf8 Rxf8 34. Bg6 Rh8 35. Bxe8 Rxh7 36. Bf7 Rh6 37. Kb4 Kc7 38. a4 b6 39.
Ng4 Rh4 40. Bxe6 Kc6 41. c3 a5+ 42. Kb3 b5 43. axb5+ Kxb5 44. Ne3 a4+ 45. Ka3
Rh1 46. Bd7+ Ka5 47. Nxd5 Rb1 48. Ka2 Rb7 49. Bc6 Rh7 50. Nb4 Rh3 51. Kb2 Rh2+
52. Ka3 Rh3 53. Na2 Re3 54. Bxa4 Rd3 55. Bb3 Kb5 56. c4+ Kb6 57. d5 Kc5 58. Kb2
Rh3 59. Nc3 Rh2+ 60. Ka3 Rh3 61. Ne4+ Kd4 62. Ng5 Rg3 63. Ne6+ Ke5 64. c5 Rxb3+
65. Kxb3 Kxd5 66. Kb4 Kxe6 67. Kb5 Kd7 68. Kb6 Kc8 69. Kc6 1-0

[Event "17. Obert Int. Sant Marti 2015"]
[Site "Barcelona ESP"]
[Date "2015.07.16"]
[Round "4.74"]
[White "Guix Torres, David"]
[Black "Quero Ortega, Juan"]
[Result "1-0"]
[WhiteElo "2036"]
[BlackElo "1820"]
[PlyCount "33"]
[EventDate "2015.07.13"]
[EventType "swiss"]
[EventRounds "9"]
[EventCountry "ESP"]
[SourceTitle "Ajedrez en Madrid"]
[Source "lmi"]
[SourceDate "2013.07.13"]
[SourceVersion "1"]
[SourceVersionDate "2019.06.24"]
[SourceQuality "1"]

1. e4 g6 2. d4 Bg7 3. Nc3 d6 4. Be3 Nf6 5. Qd2 a6 6. Bh6 Bxh6 7. Qxh6 Nc6 8.
O-O-O b5 9. e5 Ng4 10. Qg7 Rf8 11. Nh3 e6 12. Be2 h5 13. Ne4 d5 14. Neg5 Ne7
15. Bxg4 hxg4 16. Nh7 gxh3 17. Nf6# 1-0

[Event "17. Obert Int. Sant Marti 2015"]
[Site "Barcelona ESP"]
[Date "2015.07.16"]
[Round "4.75"]
[White "Alfara Ayllon, Jose Luis"]
[Black "Tateo, Ida"]
[Result "1-0"]
[WhiteElo "1964"]
[BlackElo "1301"]
[PlyCount "45"]
[EventDate "2015.07.13"]
[EventType "swiss"]
[EventRounds "9"]
[EventCountry "ESP"]
[SourceTitle "Ajedrez en Madrid"]
[Source "lmi"]
[SourceDate "2013.07.13"]
[SourceVersion "1"]
[SourceVersionDate "2019.06.24"]
[SourceQuality "1"]

1. e4 c5 2. Nf3 d6 3. d4 cxd4 4. Nxd4 Nf6 5. Nc3 e6 6. Be2 a6 7. O-O Be7 8. a4
O-O 9. f4 Nc6 10. Be3 Qc7 11. Kh1 Bd7 12. Nb3 Rac8 13. a5 Rfd8 14. Bb6 Qb8 15.
Bxd8 Rxd8 16. Bf3 Be8 17. Qd2 Nb4 18. Na4 d5 19. e5 Nd7 20. Nd4 Nc5 21. Qxb4
Qc7 22. Nxc5 Bxc5 23. Qc3 1-0

[Event "17. Obert Int. Sant Marti 2015"]
[Site "Barcelona ESP"]
[Date "2015.07.17"]
[Round "5.1"]
[White "Swapnil, S. Dhopade"]
[Black "Sundararajan, Kidambi"]
[Result "0-1"]
[WhiteElo "2453"]
[BlackElo "2433"]
[PlyCount "140"]
[EventDate "2015.07.13"]
[EventType "swiss"]
[EventRounds "9"]
[EventCountry "ESP"]
[SourceTitle "Ajedrez en Madrid"]
[Source "lmi"]
[SourceDate "2013.07.13"]
[SourceVersion "1"]
[SourceVersionDate "2019.06.24"]
[SourceQuality "1"]

1. d4 e6 2. Nf3 Nf6 3. c4 Bb4+ 4. Nbd2 O-O 5. a3 Be7 6. e4 d6 7. Bd3 Nbd7 8.
O-O e5 9. b3 Re8 10. Bb2 Bf8 11. Re1 c6 12. Qc2 exd4 13. Nxd4 g6 14. Bf1 Bg7
15. Rad1 a5 16. Nb1 Qb6 17. Kh1 Nc5 18. f3 Bd7 19. Nc3 Rad8 20. Bc1 Bc8 21. Bg5
Ne6 22. Nxe6 Bxe6 23. Rd2 Qc5 24. Be3 Qxa3 25. Rdd1 d5 26. cxd5 cxd5 27. Nb5
Qb4 28. Bc5 Rc8 29. Rc1 Rxc5 30. Qxc5 Qxc5 31. Rxc5 Bf8 32. Rc7 dxe4 33. Bc4
Bb4 34. Re2 Rd8 35. Kg1 Bxc4 36. Rxc4 exf3 37. gxf3 Rd3 38. Nd4 b6 39. Kg2 Nd5
40. Re8+ Kg7 41. Nc2 Bc5 42. Rb8 Rd2+ 43. Kh1 Rd1+ 44. Kg2 g5 45. h4 Nf4+ 46.
Kg3 Ng6 47. Rb7 Nxh4 48. b4 axb4 49. Nxb4 Rg1+ 50. Kh3 Nxf3 51. Rg4 Rxg4 52.
Kxg4 Nh2+ 53. Kh3 Bxb4 54. Rxb6 Bc3 55. Kxh2 f6 56. Kh3 Kg6 57. Rb8 f5 58. Rg8+
Bg7 59. Kg3 h5 60. Kg2 Kf7 61. Ra8 h4 62. Kf3 Be5 63. Ra4 h3 64. Ra7+ Ke6 65.
Ra6+ Bd6 66. Kf2 g4 67. Rb6 Kd5 68. Rb5+ Ke4 69. Ra5 g3+ 70. Kf1 Be5 0-1

[Event "17. Obert Int. Sant Marti 2015"]
[Site "Barcelona ESP"]
[Date "2015.07.17"]
[Round "5.2"]
[White "Petrosyan, Tigran S."]
[Black "Lopez Martinez, Josep Manuel"]
[Result "1-0"]
[WhiteElo "2441"]
[BlackElo "2536"]
[PlyCount "103"]
[EventDate "2015.07.13"]
[EventType "swiss"]
[EventRounds "9"]
[EventCountry "ESP"]
[SourceTitle "Ajedrez en Madrid"]
[Source "lmi"]
[SourceDate "2013.07.13"]
[SourceVersion "1"]
[SourceVersionDate "2019.06.24"]
[SourceQuality "1"]

1. Nf3 Nf6 2. c4 e6 3. Nc3 Bb4 4. Qc2 c5 5. a3 Ba5 6. e3 O-O 7. d4 b6 8. Be2
Bb7 9. O-O Bxc3 10. Qxc3 Ne4 11. Qc2 f5 12. b4 d6 13. Bb2 Qe7 14. Nd2 Nd7 15.
Nxe4 Bxe4 16. Qd2 Bb7 17. dxc5 dxc5 18. Rfd1 Rfd8 19. Qd6 Qxd6 20. Rxd6 Nf8 21.
Rad1 Rxd6 22. Rxd6 cxb4 23. axb4 Rc8 24. b5 Rc7 25. Rd8 Rd7 26. Rb8 Kf7 27. f3
Rc7 28. Be5 Rd7 29. Kf2 Ng6 30. Bc3 Rc7 31. g3 Bc8 32. Bb4 Ke8 33. f4 Kd7 34.
Bc3 e5 35. h4 exf4 36. exf4 Ke6 37. h5 Nf8 38. Be5 Rc5 39. Bxg7 Nd7 40. Ra8 Rc7
41. Bd4 Ke7 42. Ke3 Ke6 43. Bf3 Nf6 44. Be2 Ne4 45. Be5 Nd6 46. Kd4 Rd7 47.
Bxd6 Bb7 48. Rxa7 Kxd6 49. Bd3 Kc7+ 50. Ke3 Kb8 51. Ra1 Be4 52. Bxe4 1-0

[Event "17. Obert Int. Sant Marti 2015"]
[Site "Barcelona ESP"]
[Date "2015.07.17"]
[Round "5.3"]
[White "Ghosh, Diptayan"]
[Black "Gagare, Shardul"]
[Result "0-1"]
[WhiteElo "2523"]
[BlackElo "2425"]
[PlyCount "96"]
[EventDate "2015.07.13"]
[EventType "swiss"]
[EventRounds "9"]
[EventCountry "ESP"]
[SourceTitle "Ajedrez en Madrid"]
[Source "lmi"]
[SourceDate "2013.07.13"]
[SourceVersion "1"]
[SourceVersionDate "2019.06.24"]
[SourceQuality "1"]

1. d4 Nf6 2. c4 e6 3. Nf3 d5 4. Nc3 Be7 5. Bf4 O-O 6. e3 Nbd7 7. Qc2 c5 8. Rd1
cxd4 9. Rxd4 Qa5 10. Bg3 a6 11. Nd2 b5 12. Nb3 Qb6 13. cxd5 Bb7 14. Bd3 g6 15.
dxe6 Qxe6 16. O-O Rac8 17. Qb1 Ne5 18. Bxe5 Qxe5 19. Rd1 Bd6 20. g3 Bb8 21. Ne4
Bxe4 22. Bxe4 Ba7 23. Bb7 Rb8 24. Bf3 Bxd4 25. Nxd4 Rbd8 26. Rc1 Rd6 27. b4 Re8
28. Rc5 Qe7 29. Qc2 Nd7 30. Rc7 Qf6 31. Bc6 Rd8 32. Bg2 Ne5 33. h3 h5 34. Rc5
Nd7 35. Rc7 h4 36. gxh4 Qxh4 37. Qe2 Nf8 38. Qg4 Qxg4 39. hxg4 Ne6 40. Nxe6
Rxe6 41. Rc2 Rd1+ 42. Kh2 Red6 43. Bb7 R1d2 44. Rc8+ Kg7 45. Kg3 Rxa2 46. Rc5
Rb2 47. Bd5 Rxb4 48. e4 Rd7 0-1

[Event "17. Obert Int. Sant Marti 2015"]
[Site "Barcelona ESP"]
[Date "2015.07.17"]
[Round "5.4"]
[White "Shyam, Sundar M."]
[Black "Rios, Cristhian Camilo"]
[Result "1/2-1/2"]
[WhiteElo "2492"]
[BlackElo "2435"]
[PlyCount "80"]
[EventDate "2015.07.13"]
[EventType "swiss"]
[EventRounds "9"]
[EventCountry "ESP"]
[SourceTitle "Ajedrez en Madrid"]
[Source "lmi"]
[SourceDate "2013.07.13"]
[SourceVersion "1"]
[SourceVersionDate "2019.06.24"]
[SourceQuality "1"]

1. e4 c5 2. Nf3 e6 3. d4 cxd4 4. Nxd4 Nf6 5. Nc3 d6 6. g4 h6 7. h3 Nc6 8. Be3
a6 9. Bg2 Nxd4 10. Qxd4 e5 11. Qd2 Be6 12. f4 exf4 13. Bxf4 Nd7 14. O-O-O Ne5
15. Nd5 Rc8 16. Rhf1 Nc4 17. Qc3 Rc5 18. b3 Ne5 19. Qxc5 dxc5 20. Bxe5 Bxd5 21.
Rxd5 Qc8 22. Bc3 Rg8 23. Rdf5 Be7 24. Rxf7 Bf6 25. e5 Kxf7 26. Bd5+ Ke7 27.
exf6+ gxf6 28. Bxg8 Qxg8 29. Rxf6 Qg5+ 30. Kb2 Kd7 31. a4 Qh4 32. Rf7+ Kc8 33.
Rf8+ Kd7 34. Rf7+ Kc8 35. Rh7 b5 36. axb5 axb5 37. Rh8+ Kd7 38. Rh7+ Kc8 39.
Rh8+ Kd7 40. Rh7+ Kc8 1/2-1/2

[Event "17. Obert Int. Sant Marti 2015"]
[Site "Barcelona ESP"]
[Date "2015.07.17"]
[Round "5.5"]
[White "Roy, Prantik"]
[Black "Das, Sayantan"]
[Result "1-0"]
[WhiteElo "2292"]
[BlackElo "2444"]
[PlyCount "83"]
[EventDate "2015.07.13"]
[EventType "swiss"]
[EventRounds "9"]
[EventCountry "ESP"]
[SourceTitle "Ajedrez en Madrid"]
[Source "lmi"]
[SourceDate "2013.07.13"]
[SourceVersion "1"]
[SourceVersionDate "2019.06.24"]
[SourceQuality "1"]

1. d4 Nf6 2. c4 g6 3. Nc3 Bg7 4. e4 d6 5. h3 O-O 6. Nf3 Na6 7. Be3 e5 8. dxe5
dxe5 9. Qxd8 Rxd8 10. Nd2 c6 11. Be2 Be6 12. a3 Nd7 13. O-O-O f5 14. f3 f4 15.
Bf2 Nc7 16. Nb3 a5 17. Nc5 Nxc5 18. Bxc5 Rxd1+ 19. Rxd1 Bf8 20. Bb6 Ne8 21. Rd8
Rxd8 22. Bxd8 Bc5 23. Na4 Bd4 24. Bxa5 Nd6 25. b3 Kf7 26. Kc2 h5 27. Bb6 Bxb6
28. Nxb6 Ke7 29. c5 Ne8 30. Bc4 Nc7 31. b4 Bd7 32. h4 Be6 33. Kd3 Kf6 34. Bxe6
Nxe6 35. Nd7+ Ke7 36. Nxe5 Kf6 37. Nc4 Nd8 38. a4 g5 39. hxg5+ Kxg5 40. Nd6 Kh4
41. Nf5+ Kg5 42. a5 1-0

[Event "17. Obert Int. Sant Marti 2015"]
[Site "Barcelona ESP"]
[Date "2015.07.17"]
[Round "5.6"]
[White "Erdogdu, Mert"]
[Black "Grigoryan, Karen H."]
[Result "1/2-1/2"]
[WhiteElo "2426"]
[BlackElo "2580"]
[PlyCount "101"]
[EventDate "2015.07.13"]
[EventType "swiss"]
[EventRounds "9"]
[EventCountry "ESP"]
[SourceTitle "Ajedrez en Madrid"]
[Source "lmi"]
[SourceDate "2013.07.13"]
[SourceVersion "1"]
[SourceVersionDate "2019.06.24"]
[SourceQuality "1"]

1. e4 e5 2. Nf3 Nc6 3. Bc4 Nf6 4. d3 Be7 5. O-O O-O 6. Re1 d6 7. a4 Na5 8. Ba2
c5 9. Nc3 Nc6 10. Nd5 Nxd5 11. Bxd5 Kh8 12. c3 f5 13. exf5 Bxf5 14. d4 exd4 15.
cxd4 Bf6 16. dxc5 dxc5 17. Be3 Qd6 18. Rc1 Nd4 19. Bxd4 cxd4 20. Be4 Bxe4 21.
Rxe4 d3 22. Qd2 Rad8 23. h4 Rfe8 24. Rxe8+ Rxe8 25. Rd1 Rd8 26. Qe3 Qd5 27. Ne1
Bd4 28. Qg3 Qa5 29. Nxd3 Qxa4 30. Qg4 Qd7 31. Qxd7 Rxd7 32. Kf1 Bf6 33. g3 a5
34. Ke2 Kg8 35. Rc1 a4 36. Rc5 b6 37. Rb5 Rb7 38. h5 Be7 39. f4 Kf7 40. Ke3 Ke6
41. g4 Kd6 42. Kd4 Kc6 43. Kc4 Rc7 44. Rd5 a3 45. bxa3 Bxa3 46. Ne5+ Kb7+ 47.
Kb5 Rc5+ 48. Rxc5 Bxc5 49. Nd7 Be3 50. f5 h6 51. f6 1/2-1/2